Balzac (Record no. 90496)

MARC details
000 -LEADER
campo de control de longitud fija 00475nam a2200169 i 4500
001 - NÚMERO DE CONTROL
campo de control 90496
003 - IDENTIFICADOR DE NÚMERO DE CONTROL
campo de control ES-MaACL
005 - FECHA Y HORA DE LA ÚLTIMA TRANSACCIÓN
campo de control 20260504131005.0
007 - CAMPO FIJO DE DESCRIPCIÓN FÍSICA--INFORMACIÓN GENERAL
campo de control de longitud fija t|
008 - DATOS DE LONGITUD FIJA--INFORMACIÓN GENERAL
campo de control de longitud fija 050121s1905 fr ||||1| fre d
100 1# - ENTRADA PRINCIPAL--NOMBRE DE PERSONA
Nombre de persona Le Breton, André-François
9 (RLIN) 128771
245 10 - MENCIÓN DEL TÍTULO
Título Balzac
Resto del título : l'homme et l'oeuvre /
Mención de responsabilidad, etc. André Le Breton.
260 ## - PUBLICACIÓN, DISTRIBUCIÓN, ETC.
Lugar de publicación, distribución, etc. [S.l. :
Nombre del editor, distribuidor, etc. s.n.,
Fecha de publicación, distribución, etc. 1905] (
Lugar de fabricación/manufactura Coulommiers :
Fabricante P. Brodard)
300 ## - DESCRIPCIÓN FÍSICA
Extensión 294 p. ;
Dimensiones 18 cm.
852 ## - LOCALIZACIÓN
Ubicación ES-MaACL
Número de control de estantería F-4757
Holdings
Estatus retirado Estado de pérdida Estado de daño No para préstamo Biblioteca de origen Biblioteca actual Ubicación en estantería Fecha de adquisición Fuente de adquisición Total de préstamos Signatura topográfica completa Código de barras Visto por última vez Precio de reemplazo Tipo de ítem Koha
        Biblioteca del Ateneo de Madrid Biblioteca del Ateneo de Madrid Depósito 2 17/01/2008     F-4757 1094497 23/02/2023 23/02/2023 Libro impreso